000 00687nam a2200241Ia 4500
003 OSt
005 20220928103512.0
006 a|||||r|||| 00| 0
007 ta
008 220927b |||||||| |||| 00| 0 eng d
024 _a127015
037 _bGift, 23/09/2015,
_cTextual
040 _aSDCL
_cSDCL
_beng
041 _2eng
_aeng
082 _aO42,3D97, N2.2
100 _aShikibu Murasaki
_9404673
245 0 _aTale of genji
_b The Uji chapter part II
260 _aKoyoto
_bYamaguchi Shoten
_c2013
300 _a220p.
_ccm.
650 _aGift
_9391569
942 _hO42,3D97, N2.2
_cTEXL
_2CC
999 _c720400
_d720400